000 00449nam a22001697a 4500
003 MPLRDC
005 20220104124340.0
008 210129b ||||| |||| 00| 0 eng d
082 _a520.9386 LLY v.1 c.2
100 _a林连玉
245 _a风雨十八年. 上集
_c
250 _a一版一刷
260 _a
_b林连玉基金委员会
_c1988
300 _b
650 _a教育史及现状--马来西亚
942 _cBK
_o520.9386 LLY v.1 c.2
999 _c18624
_d18614